00485 a2200145 4500003000400000005001700004008004100021020001800062040000900080082001700089100005800106245010500164260006000269300001000329OSt20240823110846.0231019b |||||||| |||| 00| 0 eng d a9782745152688 coclc a297.4bQUS/A1 aQushayrī, ʻAbd al-Karīm ibn Hawāzin,d986-1072 aAl-Qushayri's Epistle on Sufism : bAl-Risala al-qushayriyya fi 'ilm al-tasawwufcAhmad hashim salmi bScientific book house,aDar al kotob al ilmiyah:c1971. a440 p